| 000 | 00548nam a22002057a 4500 | ||
|---|---|---|---|
| 003 | OSt | ||
| 005 | 20140311163202.0 | ||
| 008 | 121110t xxu||||| |||| 00| 0 eng d | ||
| 020 | _a0439748984 | ||
| 050 |
_aPZ 7 _b.C466 2006 |
||
| 100 |
_aChapman, Cindy _922814 |
||
| 245 |
_aMake Room for a Makeover / _cCindy Chapman, Illustrated By: Lisa Hendering |
||
| 260 |
_aNew York : _bScholastic Inc., _c2006. |
||
| 300 |
_a16 p. : _bcol. ill. ; _c23 cm. |
||
| 521 | _aG2 | ||
| 526 | _c380 | ||
| 942 |
_2lcc _cBK |
||
| 999 |
_c42523 _d42523 |
||